00593nam a2200157Ia 4500001000700000003000500007008004100012010001100053040000900064100002600073245017500099260004400274300001000318502007500328700003200403Z_1058CHAP220113s2007 xx 000 0 und d a164138 cCHAP aMorales Ríos, Nelly aTratamiento de desinfección en semilla de trigo (Triticum aestivum L.) en la producción hidropónica de forraje /cNelly Morales Ríos y Delmar Mendoza Hernández aChapingo, Méx. :bLos autores,c2007 a48 h. aTesis (Ing. Agr. Esp. en Zootecnia) -- UACH. Departamento de Zootecnia aMendoza Hernández, Delmar